00373nam a2200157Ia 45000010006000000050017000060080041000230410008000640820015000721000035000872450040001222600009001623000028001716500008001996540008002071503020260306164958.0260306t2006||||xx |||||||||||||| ||spa|| aESP a526.9bD54 aDelgado Pascual, MercedeseAUT 0aProblemas resueltos de topografía c2006 a218 páginas :c24 cm. aGEN aCIC